Metodología ajustada para la determinación de pérdidas de suelo
Kaydedildi:
| Yazar: | |
|---|---|
| Materyal Türü: | Kitap |
| Baskı/Yayın Bilgisi: |
[San José, Costa Rica]
2009
|
| Konular: | |
| Etiketler: |
Etiketle
Etiket eklenmemiş, İlk siz ekleyin!
|
MARC
| LEADER | 00000nam a2200000Ia 4500 | ||
|---|---|---|---|
| 003 | 001270 | ||
| 005 | 20221231144053.0 | ||
| 008 | 140114s2009 cr a 000 ||s d | ||
| 040 | |c cru CEDI | ||
| 090 | |a TFG 5793 | ||
| 100 | |a Prado Segura, Rodolfo |9 3995 | ||
| 245 | |a Metodología ajustada para la determinación de pérdidas de suelo | ||
| 260 | |c 2009 |b [San José, Costa Rica] | ||
| 300 | |a x, 87 hojas; ilustraciones a color | ||
| 500 | |a Tesis (ingeniería agrícola)--Universidad de Costa Rica. Facultad de Ingeniería. Escuela de Ingeniería Agrícola | ||
| 650 | |x EROSION DE SUELOS |x METODOLOGIA |x CONSERVACION DE SUELOS |x RECURSOS HIDRICOS - PROTECCION |x CUENCA DEL RIO BIRRIS (COSTA RICA) |9 3996 | ||
| 942 | |c TFG | ||
| 999 | |c 16442 |d 16442 | ||
